| Tag |
First Indicator |
Second Indicator |
Subfields |
| LEADER |
00000cam a2200000 4500 |
| 001 |
in00000093846 |
| 005 |
20150927070225.0 |
| 008 |
730507s1973 nyua b 10100 eng |
| 010 |
|
|
|a 73160487
|
| 020 |
|
|
|a 0306385066
|c $25.00
|
| 035 |
|
|
|a (OCoLC)00629169
|
| 035 |
|
|
|9 AAL5696AM
|
| 040 |
|
|
|a DLC
|c DLC
|d TXA
|d UtOrBLW
|
| 049 |
|
|
|a TXAM
|c [1231831]
|
| 050 |
0 |
0 |
|a TN695
|b .I56 1972
|
| 082 |
0 |
|
|a 671.3/7
|
| 111 |
2 |
|
|a International Conference on Sintering and Related Phenomena
|n (3d :
|d 1972 :
|c University of Notre Dame)
|
| 245 |
1 |
0 |
|a Sintering and related phenomena ;
|b proceedings /
|c Edited by G. C. Kuczynski.
|
| 264 |
|
1 |
|a New York :
|b Plenum Press,
|c 1973.
|
| 300 |
|
|
|a xii, 451 pages :
|b illustrations ;
|c 24 cm.
|
| 336 |
|
|
|a text
|b txt
|2 rdacontent
|
| 337 |
|
|
|a unmediated
|b n
|2 rdamedia
|
| 338 |
|
|
|a volume
|b nc
|2 rdacarrier
|
| 490 |
1 |
|
|a Materials science research ;
|v v. 6
|
| 500 |
|
|
|a Proceedings of the 2d conference are entered under the title: Sintering and related phenomena.
|
| 500 |
|
|
|a "Seventh in the series of University Conferences on Ceramic Science."
|
| 504 |
|
|
|a Includes bibliographical references.
|
| 650 |
|
0 |
|a Sintering
|v Congresses.
|
| 650 |
|
0 |
|a Ceramic metals
|x Congresses.
|
| 650 |
|
0 |
|a Powder metallurgy
|v Congresses.
|
| 700 |
1 |
|
|a Kucyznski, George Czeslaw,
|d 1914-
|
| 830 |
|
0 |
|a Materials science research ;
|v v. 6.
|
| 999 |
|
|
|a MARS
|
| 999 |
f |
f |
|s 7b773dbb-ca2d-38e1-bebf-f3f8777754fc
|i 475dc02a-4795-3433-8aab-3088c796dc66
|t 0
|
| 952 |
f |
f |
|p ric
|a Texas A&M University
|b Rellis Campus
|c Joint Library Facility
|d Remote Storage
|t 0
|e TN695 .I56 1972
|h Library of Congress classification
|i unmediated -- volume
|m A14805581862
|
| 998 |
f |
f |
|a TN695 .I56 1972
|t 0
|l Remote Storage
|